[Event "Deutsche Ländermeisterschaft 2012"]
[Site "Hannover GER"]
[Date "2012.10.02"]
[Round "6"]
[White "Rätzke von Stoyentin, Steffen"]
[Black "Allin, Katharina"]
[Result "1-0"]
[Termination "normal"]
[Board "3.8"]
[WhiteTitle "12"]
[BlackTitle "12w"]
[WhiteElo "1755"]
[BlackElo "1135"]
[WhiteTeam "Niedersachsen 1"]
[BlackTeam "Thüringen"]
[PlyCount "41"]
[WhiteFideId "12907502"]
[BlackFideId "12903779"]
[EventCountry "GER"]
[EventRounds "7"]
[EventType "team-swiss"]
[EventDate "2012.09.28"]

1. e4 e5 2. Nf3 Nc6 3. Bb5 Nf6 4. O-O d6 5. Qe2 a6 6. Ba4 Be7 7. c3 O-O 8. Rd1
Bd7 9. Bc2 Na7 10. d4 Nc6 11. Nbd2 Qc8 12. Nf1 Bg4 13. h3 Bh5 14. Ng3 Bg6 15.
Nh4 h6 16. Nhf5 Kh7 17. d5 Bxf5 18. Nxf5 g6 19. Bxh6 Rg8 20. Nxe7 Nxe7 21. Bg5
1-0

[Event "Deutsche Ländermeisterschaft 2012"]
[Site "Hannover GER"]
[Date "2012.10.02"]
[Round "6"]
[White "Carow, Johannes"]
[Black "Krassowizkij, Jaroslaw"]
[Result "1-0"]
[Termination "normal"]
[Board "4.1"]
[WhiteTitle "16"]
[BlackTitle "20"]
[WhiteElo "2245"]
[BlackElo "2411"]
[WhiteTeam "Rheinland-Pfalz"]
[BlackTeam "Württemberg"]
[PlyCount "61"]
[WhiteFideId "24692050"]
[BlackFideId "1271703"]
[EventCountry "GER"]
[EventRounds "7"]
[EventType "team-swiss"]
[EventDate "2012.09.28"]

1. d4 Nf6 2. c4 g6 3. Nc3 d5 4. cxd5 Nxd5 5. Bd2 Nb6 6. Bg5 Bg7 7. e3 c5 8.
dxc5 Bxc3+ 9. bxc3 Qxd1+ 10. Rxd1 N6d7 11. Bb5 f6 12. Bh4 Nc6 13. Rd5 e6 14.
Rd6 Ke7 15. Bxc6 bxc6 16. Nf3 Ba6 17. Nd4 Nxc5 18. Rxc6 Rhc8 19. Kd2 Rab8 20.
Rc1 Rb2+ 21. Rc2 Rb1 22. c4 g5 23. Bg3 Ne4+ 24. Kd3 Nc5+ 25. Ke2 Kd7 26. Rd6+
Ke7 27. Nc6+ Kf7 28. Nd8+ Ke7 29. Nxe6 Rb6 30. Rxb6 axb6 31. Nc7 1-0

[Event "Deutsche Ländermeisterschaft 2012"]
[Site "Hannover GER"]
[Date "2012.10.02"]
[Round "6"]
[White "Kvetny, Mark"]
[Black "Yankelevich, Lev"]
[Result "1-0"]
[Termination "normal"]
[Board "4.2"]
[WhiteTitle "16"]
[BlackTitle "16"]
[WhiteElo "2245"]
[BlackElo "2178"]
[WhiteTeam "Württemberg"]
[BlackTeam "Rheinland-Pfalz"]
[PlyCount "108"]
[WhiteFideId "24603929"]
[BlackFideId "24684074"]
[EventCountry "GER"]
[EventRounds "7"]
[EventType "team-swiss"]
[EventDate "2012.09.28"]

1. d4 Nf6 2. c4 g6 3. Nc3 Bg7 4. e4 d6 5. Be2 O-O 6. Nf3 Nbd7 7. O-O e5 8. Be3
exd4 9. Nxd4 Nc5 10. f3 a5 11. Qd2 c6 12. Nc2 Qe7 13. Rad1 Ne8 14. Rfe1 b6 15.
b3 Bb7 16. Bf1 f6 17. Nd4 Rd8 18. a3 Na6 19. Na4 Nc5 20. Nxb6 Qc7 21. b4 axb4
22. axb4 f5 23. bxc5 dxc5 24. Nd5 Qf7 25. Nb3 cxd5 26. exd5 Nf6 27. Nxc5 Bc8
28. Bf2 Rfe8 29. Rxe8+ Qxe8 30. Re1 Qf7 31. Qa5 Re8 32. Rxe8+ Qxe8 33. Qc7 g5
34. Nd3 g4 35. f4 g3 36. Bxg3 Ne4 37. Ne5 Bf8 38. Bf2 Nxf2 39. Kxf2 Ba6 40. Qc6
Qxc6 41. Nxc6 Bc5+ 42. Kf3 Kf8 43. Ne5 Ke7 44. Bd3 Bc8 45. Bc2 Bg1 46. h3 h5
47. Nd3 Bd4 48. Ba4 Ba6 49. Ne5 Kd6 50. Nc6 Bc3 51. Bb5 Bxb5 52. cxb5 Kxd5 53.
Ne7+ Ke6 54. b6 Kd7 1-0

[Event "Deutsche Ländermeisterschaft 2012"]
[Site "Hannover GER"]
[Date "2012.10.02"]
[Round "6"]
[White "Stahnecker, Ludwig"]
[Black "Braun, Georg"]
[Result "1/2-1/2"]
[Termination "normal"]
[Board "4.3"]
[WhiteTitle "16"]
[BlackTitle "18"]
[WhiteElo "2110"]
[BlackElo "2196"]
[WhiteTeam "Rheinland-Pfalz"]
[BlackTeam "Württemberg"]
[PlyCount "105"]
[WhiteFideId "24692026"]
[BlackFideId "24629383"]
[EventCountry "GER"]
[EventRounds "7"]
[EventType "team-swiss"]
[EventDate "2012.09.28"]

1. e4 c5 2. Nf3 d6 3. d4 cxd4 4. Nxd4 Nf6 5. Nc3 a6 6. Bc4 e6 7. a4 Nc6 8. O-O
Be7 9. Be3 O-O 10. Qe2 d5 11. exd5 exd5 12. Ba2 Re8 13. Rad1 Bg4 14. f3 Bc5 15.
Qf2 Rxe3 16. Qxe3 Nxd4 17. Rxd4 Bf5 18. b4 Ba7 19. Bb3 Qd6 20. Kh1 Bxd4 21.
Qxd4 Rd8 22. Rd1 Be6 23. a5 h6 24. Kg1 Qc6 25. Ne4 Ne8 26. Nc5 Qc7 27. c4 Nd6
28. cxd5 Nf5 29. Qd3 Bc8 30. Bc2 b6 31. axb6 Qxb6 32. Qe4 a5 33. Kh1 Qxb4 34.
Qxb4 axb4 35. Bb3 Kf8 36. Kg1 h5 37. Kf2 Bd7 38. Nxd7+ Rxd7 39. g4 hxg4 40.
fxg4 Nd6 41. Rd4 Rb7 42. Ke3 g5 43. Kf3 Kg7 44. h4 gxh4 45. g5 h3 46. Rh4 Rc7
47. Rxh3 Rc3+ 48. Kg4 Rxh3 49. Kxh3 f5 50. Kg3 Kg6 51. Kf4 Ne4 52. Bc2 Nxg5 53.
Bxf5+ 1/2-1/2

[Event "Deutsche Ländermeisterschaft 2012"]
[Site "Hannover GER"]
[Date "2012.10.02"]
[Round "6"]
[White "Zeller, Elisa"]
[Black "Perske, Thore"]
[Result "0-1"]
[Termination "normal"]
[Board "4.4"]
[WhiteTitle "18w"]
[BlackTitle "14"]
[WhiteElo "1903"]
[BlackElo "2056"]
[WhiteTeam "Württemberg"]
[BlackTeam "Rheinland-Pfalz"]
[PlyCount "46"]
[WhiteFideId "24662410"]
[BlackFideId "12902195"]
[EventCountry "GER"]
[EventRounds "7"]
[EventType "team-swiss"]
[EventDate "2012.09.28"]

1. e4 e6 2. d4 d5 3. Nc3 Nf6 4. e5 Nfd7 5. f4 c5 6. Nf3 Nc6 7. Be3 Be7 8. Qd2
a6 9. O-O-O b5 10. g4 b4 11. Ne2 Qa5 12. Kb1 c4 13. Qc1 Rb8 14. b3 Na7 15. f5
Nb5 16. Ka1 Nc3 17. Nxc3 bxc3 18. Qb1 Ba3 19. Bc1 cxb3 20. cxb3 Bb2+ 21. Bxb2
Rxb3 22. Bc1 Rxb1+ 23. Kxb1 Qb4+ 0-1

[Event "Deutsche Ländermeisterschaft 2012"]
[Site "Hannover GER"]
[Date "2012.10.02"]
[Round "6"]
[White "Carow, Annelen"]
[Black "Schmidt, Tobias"]
[Result "1-0"]
[Termination "normal"]
[Board "4.5"]
[WhiteTitle "20w"]
[BlackTitle "14"]
[WhiteElo "1968"]
[BlackElo "1834"]
[WhiteTeam "Rheinland-Pfalz"]
[BlackTeam "Württemberg"]
[PlyCount "157"]
[WhiteFideId "24692492"]
[BlackFideId "1271683"]
[EventCountry "GER"]
[EventRounds "7"]
[EventType "team-swiss"]
[EventDate "2012.09.28"]

1. d4 d5 2. c4 dxc4 3. Nf3 Nf6 4. Qa4+ Nc6 5. Qxc4 Bf5 6. Nc3 e6 7. a3 Be7 8.
Bf4 O-O 9. e3 Ne4 10. Be2 a6 11. O-O g5 12. Bg3 h5 13. Nxe4 Bxe4 14. h3 Rc8 15.
Nd2 Bg6 16. Nb3 Qd5 17. Qc3 Na7 18. Bc4 Qd7 19. Rfd1 Nb5 20. Qc1 Be4 21. Bf1
Rfd8 22. Nc5 Bxc5 23. Qxc5 Qd5 24. Qc1 Qc6 25. Qd2 Qc2 26. Qxc2 Bxc2 27. Rdc1
Be4 28. Be5 Rd7 29. Be2 Bg6 30. Bf6 Nd6 31. Bxg5 c5 32. dxc5 Ne4 33. Bf4 Rxc5
34. Rxc5 Nxc5 35. Rc1 Rd2 36. Rxc5 Rxe2 37. Be5 Be4 38. Rc8+ Kh7 39. Bd4 Kg6
40. Rg8+ Kh6 41. h4 Rc2 42. f3 Bd5 43. e4 Bb3 44. Kh2 Rc7 45. Kg3 f5 46. exf5
exf5 47. Rh8+ Kg6 48. Rd8 Be6 49. Rf8 Bf7 50. Kf4 Re7 51. Be5 Rd7 52. Rh8 Be6
53. Re8 Bf7 54. Rc8 Be6 55. Rc2 Rd5 56. Bc3 Rc5 57. Re2 Rc6 58. Rd2 Rb6 59. Rd8
Rc6 60. Re8 b5 61. Re7 Bf7 62. Ra7 Re6 63. Be5 Rc6 64. Ra8 Rc4+ 65. Kg3 Rc6 66.
Bc3 Rd6 67. Kf4 Re6 68. Ra7 Rc6 69. Rd7 Rb6 70. g4 fxg4 71. fxg4 hxg4 72. h5+
Kxh5 73. Rxf7 g3 74. Rf5+ Kg6 75. Rg5+ Kf7 76. Kxg3 Kf8 77. Rg7 Ke8 78. Kf4 Kd8
79. Be5 1-0

[Event "Deutsche Ländermeisterschaft 2012"]
[Site "Hannover GER"]
[Date "2012.10.02"]
[Round "6"]
[White "Höglauer, Patrick"]
[Black "Schwarz, Larissa"]
[Result "1-0"]
[Termination "normal"]
[Board "4.6"]
[WhiteTitle "12"]
[BlackTitle "14w"]
[WhiteElo "1883"]
[BlackElo "1900"]
[WhiteTeam "Württemberg"]
[BlackTeam "Rheinland-Pfalz"]
[PlyCount "51"]
[WhiteFideId "1270548"]
[BlackFideId "24699004"]
[EventCountry "GER"]
[EventRounds "7"]
[EventType "team-swiss"]
[EventDate "2012.09.28"]

1. d4 Nf6 2. c4 g6 3. Nc3 d5 4. cxd5 Nxd5 5. e4 Nxc3 6. bxc3 Bg7 7. Bc4 O-O 8.
Ne2 c5 9. O-O Nc6 10. Be3 Qc7 11. Rc1 Rd8 12. Bf4 Qd7 13. d5 Na5 14. Bb3 Nxb3
15. axb3 b6 16. c4 Bb7 17. Qd2 Rac8 18. Bh6 e6 19. Bxg7 Kxg7 20. Ng3 exd5 21.
exd5 Re8 22. Qg5 Kh8 23. Qf6+ Kg8 24. f3 Re3 25. Nh5 Kf8 26. d6 1-0

[Event "Deutsche Ländermeisterschaft 2012"]
[Site "Hannover GER"]
[Date "2012.10.02"]
[Round "6"]
[White "Muckle, Julius"]
[Black "Gaßmann, Linda"]
[Result "1-0"]
[Termination "normal"]
[Board "4.7"]
[WhiteTitle "12"]
[BlackTitle "14w"]
[WhiteElo "1760"]
[BlackElo "1766"]
[WhiteTeam "Rheinland-Pfalz"]
[BlackTeam "Württemberg"]
[PlyCount "53"]
[WhiteFideId "12942430"]
[BlackFideId "12900451"]
[EventCountry "GER"]
[EventRounds "7"]
[EventType "team-swiss"]
[EventDate "2012.09.28"]

1. d4 Nf6 2. c4 g6 3. Nc3 Bg7 4. e4 d6 5. f3 O-O 6. Be3 Nc6 7. Be2 a6 8. d5 Ne5
9. Rc1 Rb8 10. b4 c6 11. a4 cxd5 12. cxd5 a5 13. b5 b6 14. Rc2 Bb7 15. f4 Ned7
16. h3 Nc5 17. Bxc5 dxc5 18. Bc4 Nh5 19. Nge2 Nf6 20. e5 Ne8 21. O-O Kh8 22.
Rd2 f6 23. f5 g5 24. Ne4 Ba8 25. N2g3 Qc7 26. d6 Bxe4 27. dxc7 1-0

[Event "Deutsche Ländermeisterschaft 2012"]
[Site "Hannover GER"]
[Date "2012.10.02"]
[Round "6"]
[White "Lederer, Leia"]
[Black "Sanati, Charlotte"]
[Result "0-1"]
[Termination "normal"]
[Board "4.8"]
[WhiteTitle "12w"]
[BlackTitle "12w"]
[WhiteElo "1624"]
[BlackElo "1607"]
[WhiteTeam "Württemberg"]
[BlackTeam "Rheinland-Pfalz"]
[PlyCount "114"]
[WhiteFideId "12926353"]
[BlackFideId "12907707"]
[EventCountry "GER"]
[EventRounds "7"]
[EventType "team-swiss"]
[EventDate "2012.09.28"]

1. e4 e5 2. Nf3 Nc6 3. Bb5 a6 4. Ba4 Nf6 5. O-O b5 6. Bb3 Be7 7. Re1 O-O 8. c3
d5 9. exd5 Nxd5 10. d4 exd4 11. Nxd4 Nxd4 12. Qxd4 Bb7 13. c4 Bf6 14. Qd1 bxc4
15. Bxc4 Re8 16. Rxe8+ Qxe8 17. h3 Rd8 18. Qf1 Nb6 19. Nc3 Qc6 20. Be2 Qe6 21.
Bf4 Bxc3 22. bxc3 Nd5 23. Bc4 Qc6 24. Rd1 h6 25. Be5 Rd7 26. Be2 Qe6 27. Bd4
Nf4 28. Bg4 f5 29. Re1 Qg6 30. Qc4+ Kh7 31. Bxf5 Qxf5 32. Re8 Bd5 33. Qxa6 Qg5
34. g3 Nxh3+ 35. Kf1 Qh5 36. Qd3+ Qg6 37. Qe3 Qb1+ 38. Qe1 Qb5+ 39. Re2 Bf3 40.
a4 Qxe2+ 41. Qxe2 Bxe2+ 42. Kxe2 Ng5 43. a5 Ne6 44. Ke3 Nxd4 45. cxd4 Rd5 46.
a6 Ra5 47. Ke4 Rxa6 48. Kd5 Kg6 49. Ke4 Kf6 50. f4 c6 51. d5 cxd5+ 52. Kxd5 Kf5
53. Kd4 Ra5 54. Ke3 Kg4 55. Kf2 Ra3 56. Kg1 Kxg3 57. f5 Ra1# 0-1

[Event "Deutsche Ländermeisterschaft 2012"]
[Site "Hannover GER"]
[Date "2012.10.02"]
[Round "6"]
[White "Raum, Sebastian"]
[Black "Mertens, Fridolin"]
[Result "1/2-1/2"]
[Termination "normal"]
[Board "5.1"]
[WhiteTitle "20"]
[BlackTitle "18"]
[WhiteElo "2159"]
[BlackElo "2040"]
[WhiteTeam "Niedersachsen 2"]
[BlackTeam "Sachsen-Anhalt"]
[PlyCount "55"]
[WhiteFideId "24673935"]
[BlackFideId "24671940"]
[EventCountry "GER"]
[EventRounds "7"]
[EventType "team-swiss"]
[EventDate "2012.09.28"]

1. e4 c5 2. Nf3 d6 3. d4 cxd4 4. Nxd4 Nf6 5. Nc3 a6 6. Be3 e6 7. g4 e5 8. Nf5
h5 9. g5 Nxe4 10. Nxg7+ Bxg7 11. Nxe4 d5 12. Ng3 d4 13. Bd2 Qd5 14. Be2 e4 15.
f3 d3 16. cxd3 exd3 17. Bc3 Bxc3+ 18. bxc3 Qxg5 19. Qxd3 Nc6 20. Kf2 Be6 21. h4
Qf4 22. Qe3 Qxe3+ 23. Kxe3 O-O-O 24. Rhd1 Rxd1 25. Bxd1 Ne5 26. Bb3 Ng6 27.
Bxe6+ fxe6 28. Ke4 1/2-1/2

[Event "Deutsche Ländermeisterschaft 2012"]
[Site "Hannover GER"]
[Date "2012.10.02"]
[Round "6"]
[White "Mertens, Pauline"]
[Black "Hampel, Felix"]
[Result "1/2-1/2"]
[Termination "normal"]
[Board "5.2"]
[WhiteTitle "20w"]
[BlackTitle "18"]
[WhiteElo "2036"]
[BlackElo "2082"]
[WhiteTeam "Sachsen-Anhalt"]
[BlackTeam "Niedersachsen 2"]
[PlyCount "119"]
[WhiteFideId "24671959"]
[BlackFideId "24668125"]
[EventCountry "GER"]
[EventRounds "7"]
[EventType "team-swiss"]
[EventDate "2012.09.28"]

1. e4 c5 2. Nf3 e6 3. d4 cxd4 4. Nxd4 a6 5. Bd3 Nf6 6. O-O Qc7 7. Qe2 d6 8. Nc3
Be7 9. Bd2 O-O 10. Kh1 Nc6 11. Nb3 b5 12. Rae1 b4 13. Nd1 a5 14. c3 Bb7 15. f4
e5 16. Bc1 Rfe8 17. Qc2 Qd8 18. Qf2 d5 19. exd5 Qxd5 20. Bb1 a4 21. Ne3 Qd7 22.
Nd2 bxc3 23. bxc3 Bf8 24. Ndc4 Qc7 25. fxe5 Nxe5 26. Nxe5 Rxe5 27. c4 Rh5 28.
h4 Re8 29. Nf5 Qxc4 30. Rxe8 Nxe8 31. Bg5 f6 32. Bf4 g6 33. Ne3 Qe6 34. Kg1 Bd6
35. Bd3 Kg7 36. Bc4 Qe7 37. Qg3 Bxf4 38. Rxf4 Qe5 39. Ng4 Qc5+ 40. Nf2 Re5 41.
Kh2 Qc6 42. Ng4 Rc5 43. Be2 Rc3 44. Bf3 Qc5 45. Qe1 Qc7 46. Qg3 Ra3 47. Rd4 Qe7
48. Qf2 Bxf3 49. gxf3 Qf7 50. Rd2 h5 51. Ne3 Qc7+ 52. Kg2 Qc6 53. Nd5 Kh6 54.
Qd4 Qd6 55. Qb2 Qf8 56. Kf2 Qc5+ 57. Kg2 Qf8 58. Kf2 Qc5+ 59. Kg2 Qf8 60. Kf2
1/2-1/2

[Event "Deutsche Ländermeisterschaft 2012"]
[Site "Hannover GER"]
[Date "2012.10.02"]
[Round "6"]
[White "Kyas, Philipp"]
[Black "Zimmermann, Christian"]
[Result "1-0"]
[Termination "normal"]
[Board "5.3"]
[WhiteTitle "16"]
[BlackTitle "16"]
[WhiteElo "2076"]
[BlackElo "1930"]
[WhiteTeam "Niedersachsen 2"]
[BlackTeam "Sachsen-Anhalt"]
[PlyCount "73"]
[WhiteFideId "24670936"]
[BlackFideId "24692069"]
[EventCountry "GER"]
[EventRounds "7"]
[EventType "team-swiss"]
[EventDate "2012.09.28"]

1. d4 Nf6 2. c4 g6 3. Nc3 d5 4. cxd5 Nxd5 5. e4 Nxc3 6. bxc3 Bg7 7. Bc4 c5 8.
Ne2 Nc6 9. Be3 O-O 10. O-O Qc7 11. Rc1 b6 12. Bf4 e5 13. Bg3 Bb7 14. Bd5 Na5
15. dxe5 Bxd5 16. exd5 Nc4 17. e6 Qb7 18. Qd3 b5 19. Rb1 Na3 20. Rbd1 Rad8 21.
Nf4 Nc4 22. Qe2 Rfe8 23. exf7+ Qxf7 24. Ne6 Rd7 25. Rd3 Nb6 26. Rf3 Qe7 27.
Qxb5 Rxd5 28. Nc7 Red8 29. Nxd5 Nxd5 30. Rd3 Bxc3 31. Rxd5 Rxd5 32. Qc4 Qd7 33.
Qxc3 Qe6 34. Rb1 Rd7 35. Qxc5 Kf7 36. Qa3 Kg7 37. h3 1-0

[Event "Deutsche Ländermeisterschaft 2012"]
[Site "Hannover GER"]
[Date "2012.10.02"]
[Round "6"]
[White "Kitze, Alexander"]
[Black "Bach, Jannik"]
[Result "1-0"]
[Termination "normal"]
[Board "5.4"]
[WhiteTitle "12"]
[BlackTitle "14"]
[WhiteElo "1853"]
[BlackElo "1859"]
[WhiteTeam "Sachsen-Anhalt"]
[BlackTeam "Niedersachsen 2"]
[PlyCount "61"]
[WhiteFideId "12914827"]
[BlackFideId "24615900"]
[EventCountry "GER"]
[EventRounds "7"]
[EventType "team-swiss"]
[EventDate "2012.09.28"]

1. e4 c6 2. d4 d5 3. exd5 cxd5 4. c4 Nf6 5. Nc3 Nc6 6. Bg5 dxc4 7. Bxc4 h6 8.
Bf4 e6 9. Nf3 Be7 10. O-O O-O 11. a3 b6 12. Qd3 Bb7 13. Rad1 Rc8 14. Ba2 Bd6
15. Bxd6 Qxd6 16. Bb1 Ne7 17. Ne5 Rfd8 18. Rfe1 Nf5 19. Ba2 Qxd4 20. Qe2 Qc5
21. Nxf7 Nd5 22. Nxd8 Nf4 23. Qb5 Nh3+ 24. gxh3 Nh4 25. Qxc5 Nf3+ 26. Kf1 Nxh2+
27. Ke2 Bf3+ 28. Kd2 Rxd8+ 29. Kc1 Rxd1+ 30. Rxd1 bxc5 31. Bxe6+ 1-0

[Event "Deutsche Ländermeisterschaft 2012"]
[Site "Hannover GER"]
[Date "2012.10.02"]
[Round "6"]
[White "Manusina, Nicole"]
[Black "Pallas, Sebastian"]
[Result "0-1"]
[Termination "normal"]
[Board "5.5"]
[WhiteTitle "14w"]
[BlackTitle "12"]
[WhiteElo "1800"]
[BlackElo "1824"]
[WhiteTeam "Niedersachsen 2"]
[BlackTeam "Sachsen-Anhalt"]
[PlyCount "60"]
[WhiteFideId "24657514"]
[BlackFideId "12905453"]
[EventCountry "GER"]
[EventRounds "7"]
[EventType "team-swiss"]
[EventDate "2012.09.28"]

1. d4 Nf6 2. c4 g6 3. Nc3 d5 4. cxd5 Nxd5 5. e4 Nxc3 6. bxc3 Bg7 7. Bc4 c5 8.
Be3 O-O 9. Ne2 Nc6 10. O-O Bd7 11. Rc1 Rc8 12. Qd2 cxd4 13. cxd4 Qa5 14. Qxa5
Nxa5 15. Bd3 b5 16. f4 Nc4 17. Bxc4 bxc4 18. Nc3 e6 19. Rfd1 Rfd8 20. Rd2 f5
21. e5 Bc6 22. Rb1 Bf8 23. a4 a5 24. Rdb2 Be4 25. Nxe4 fxe4 26. Rb6 c3 27. Rxe6
c2 28. Ra1 Bb4 29. Bc1 Rxd4 30. Kf2 Rd1 0-1

[Event "Deutsche Ländermeisterschaft 2012"]
[Site "Hannover GER"]
[Date "2012.10.02"]
[Round "6"]
[White "Heinemann, Josefine"]
[Black "Reuker, Jari"]
[Result "1/2-1/2"]
[Termination "normal"]
[Board "5.6"]
[WhiteTitle "14w"]
[BlackTitle "12"]
[WhiteElo "1871"]
[BlackElo "1784"]
[WhiteTeam "Sachsen-Anhalt"]
[BlackTeam "Niedersachsen 2"]
[PlyCount "64"]
[WhiteFideId "12900460"]
[BlackFideId "12909300"]
[EventCountry "GER"]
[EventRounds "7"]
[EventType "team-swiss"]
[EventDate "2012.09.28"]

1. e4 c5 2. Nf3 Nf6 3. Nc3 Nc6 4. d4 d5 5. exd5 Nxd5 6. Nxd5 Qxd5 7. c4 Qe4+ 8.
Be3 cxd4 9. Nxd4 e5 10. Nxc6 Qxc6 11. Be2 Be6 12. Rc1 Bb4+ 13. Kf1 O-O 14. Qc2
Rac8 15. Qb1 f5 16. f3 b6 17. c5 Bxc5 18. Ba6 Rcd8 19. Qc2 Qd6 20. Bxc5 bxc5
21. Bc4 Bxc4+ 22. Qxc4+ Qd5 23. Ke2 e4 24. Qxd5+ Rxd5 25. Rhd1 exf3+ 26. Kxf3
Rfd8 27. Rxd5 Rxd5 28. Rc4 Kf7 29. Ra4 Rd7 30. Rc4 Rd5 31. Ra4 Rd7 32. Rc4 Rd5
1/2-1/2

[Event "Deutsche Ländermeisterschaft 2012"]
[Site "Hannover GER"]
[Date "2012.10.02"]
[Round "6"]
[White "Thole, Ann-Christin"]
[Black "Stein, Robert"]
[Result "0-1"]
[Termination "normal"]
[Board "5.7"]
[WhiteTitle "16w"]
[BlackTitle "12"]
[WhiteElo "1685"]
[BlackElo "1644"]
[WhiteTeam "Niedersachsen 2"]
[BlackTeam "Sachsen-Anhalt"]
[PlyCount "58"]
[WhiteFideId "12907529"]
[BlackFideId "12921084"]
[EventCountry "GER"]
[EventRounds "7"]
[EventType "team-swiss"]
[EventDate "2012.09.28"]

1. e4 e5 2. Nc3 Nf6 3. Bc4 Nc6 4. d3 Bb4 5. Nge2 d5 6. exd5 Nxd5 7. Bd2 Nb6 8.
Bb3 O-O 9. O-O Bg4 10. f3 Bh5 11. Ng3 Bg6 12. Nce4 Bxd2 13. Qxd2 Nd4 14. Qc3
Kh8 15. Kh1 f5 16. Nc5 f4 17. Nge4 Bxe4 18. Nxe4 Rf5 19. Qe1 Rh5 20. Bf7 Rh6
21. Rc1 Qe7 22. Bb3 Nd7 23. Nf2 Nf6 24. Ng4 Nxg4 25. fxg4 Qg5 26. Qe4 Qxg4 27.
Qxe5 Ne2 28. Rce1 Rxh2+ 29. Kxh2 Qh4# 0-1

[Event "Deutsche Ländermeisterschaft 2012"]
[Site "Hannover GER"]
[Date "2012.10.02"]
[Round "6"]
[White "Cejda, Cecilia"]
[Black "Wallat, Jessica"]
[Result "0-1"]
[Termination "normal"]
[Board "5.8"]
[WhiteTitle "12w"]
[BlackTitle "12w"]
[WhiteElo "1495"]
[BlackElo "1580"]
[WhiteTeam "Sachsen-Anhalt"]
[BlackTeam "Niedersachsen 2"]
[PlyCount "84"]
[WhiteFideId "12921122"]
[BlackFideId "12909637"]
[EventCountry "GER"]
[EventRounds "7"]
[EventType "team-swiss"]
[EventDate "2012.09.28"]

1. e4 e5 2. Nf3 Nc6 3. Bc4 Bc5 4. b4 Bxb4 5. c3 Ba5 6. d4 exd4 7. O-O Nge7 8.
Bg5 O-O 9. cxd4 d6 10. Qa4 Bb6 11. Nc3 Bd7 12. Nd5 Kh8 13. Qd1 f6 14. Bh4 Bg4
15. Nxb6 axb6 16. h3 Bxf3 17. Qxf3 Nxd4 18. Qd3 Nec6 19. Rad1 Qe8 20. Bb5 Nxb5
21. Qxb5 Qxe4 22. Bg3 Qb4 23. Qd5 Ra3 24. Bh2 Qa5 25. Qc4 Rxa2 26. Rfe1 Qh5 27.
Rd5 Qg6 28. Qg4 Qc2 29. Qf4 Rfa8 30. Rdd1 Qg6 31. Qe3 R2a3 32. Qe6 f5 33. Qd7
h6 34. Kh1 Ra2 35. Bg3 f4 36. Bxf4 Rxf2 37. g3 Qc2 38. g4 Rxf4 39. Rc1 Qd3 40.
g5 Rh4 41. Kg2 Ra2+ 42. Kg1 Qg3+ 0-1

[Event "Deutsche Ländermeisterschaft 2012"]
[Site "Hannover GER"]
[Date "2012.10.02"]
[Round "6"]
[White "Will, Dominik"]
[Black "Möhn, Hans"]
[Result "1/2-1/2"]
[Termination "normal"]
[Board "6.1"]
[WhiteTitle "18"]
[BlackTitle "16"]
[WhiteElo "2085"]
[BlackElo "2119"]
[WhiteTeam "Hessen 2"]
[BlackTeam "Sachsen"]
[PlyCount "41"]
[WhiteFideId "4696557"]
[BlackFideId "24647837"]
[EventCountry "GER"]
[EventRounds "7"]
[EventType "team-swiss"]
[EventDate "2012.09.28"]

1. e4 c5 2. Nf3 a6 3. c3 e6 4. d4 d5 5. e5 Bd7 6. Be2 cxd4 7. cxd4 Bb5 8. Nc3
Bxe2 9. Qxe2 Nc6 10. O-O Nge7 11. Bg5 h6 12. Bxe7 Bxe7 13. Rad1 O-O 14. Rd3 Na5
15. Nd2 Nc4 16. Rg3 Kh8 17. Qg4 Rg8 18. Nxc4 dxc4 19. Ne2 Bf8 20. f4 f5 21. Qh5
1/2-1/2

[Event "Deutsche Ländermeisterschaft 2012"]
[Site "Hannover GER"]
[Date "2012.10.02"]
[Round "6"]
[White "Kreyßig, Robert"]
[Black "Elkmann, Janek"]
[Result "1/2-1/2"]
[Termination "normal"]
[Board "6.2"]
[WhiteTitle "16"]
[BlackTitle "18"]
[WhiteElo "1939"]
[BlackElo "2033"]
[WhiteTeam "Sachsen"]
[BlackTeam "Hessen 2"]
[PlyCount "41"]
[WhiteFideId "4662881"]
[BlackFideId "24691925"]
[EventCountry "GER"]
[EventRounds "7"]
[EventType "team-swiss"]
[EventDate "2012.09.28"]

1. d4 d5 2. c4 e5 3. dxe5 d4 4. Nf3 Nc6 5. g3 Nge7 6. Bg2 Ng6 7. O-O Ngxe5 8.
Nbd2 Be7 9. b3 O-O 10. Bb2 Re8 11. Re1 Rb8 12. a3 a5 13. Ra2 Bf8 14. Qa1 Bg4
15. Nxd4 Nxd4 16. Bxd4 Nd3 17. exd3 Rxe1+ 18. Qxe1 Qxd4 19. Qe4 Qd7 20. Qd5 Qe7
21. Qe4 1/2-1/2

[Event "Deutsche Ländermeisterschaft 2012"]
[Site "Hannover GER"]
[Date "2012.10.02"]
[Round "6"]
[White "Bingert, Tim Niklas"]
[Black "Richter, Leonard"]
[Result "1/2-1/2"]
[Termination "normal"]
[Board "6.3"]
[WhiteTitle "14"]
[BlackTitle "14"]
[WhiteElo "1931"]
[BlackElo "1910"]
[WhiteTeam "Hessen 2"]
[BlackTeam "Sachsen"]
[PlyCount "83"]
[WhiteFideId "12917907"]
[BlackFideId "12900290"]
[EventCountry "GER"]
[EventRounds "7"]
[EventType "team-swiss"]
[EventDate "2012.09.28"]

1. e4 c5 2. Nf3 d6 3. d4 cxd4 4. Nxd4 Nf6 5. Nc3 a6 6. Be2 e5 7. Nb3 Be7 8. Be3
O-O 9. g4 b5 10. g5 Ne8 11. Qd2 Be6 12. O-O-O Nd7 13. h4 b4 14. Nd5 Bxd5 15.
exd5 a5 16. Kb1 a4 17. Nc1 Qb8 18. h5 Nc5 19. g6 a3 20. Bxc5 axb2 21. Kxb2 dxc5
22. h6 Bf6 23. hxg7 e4+ 24. Kb1 Bxg7 25. d6 hxg6 26. Qf4 Qa7 27. Qh4 Nf6 28.
Rh3 Rfd8 29. Bc4 Kf8 30. Ne2 Qb6 31. Qf4 Ra3 32. Rb3 Qa7 33. Nc1 Rxb3+ 34. cxb3
Qb7 35. Ne2 Nh5 36. Qe3 Qc8 37. Qxe4 Qd7 38. Qd5 Qf5+ 39. Qxf5 gxf5 40. Rd5 Nf6
41. Rxc5 Rxd6 42. Rxf5 1/2-1/2